000 01128 a2200217 4500
005 20080902112552.0
008 080902t xxu||||| |||| 00| 0 hin d
010 _aHIN-82875
020 _a9788190549700
_c150.00
035 _aHN-55221
037 _bपु.प्र.अ.प्र/प्रका
082 _a808.88
100 _aभाटिया, सुदर्शन
245 _aविचित्र फिर भी सत्य /
_cसुदर्शन भाटिया
246 _aVichitra phir bhi satya
_bby Sudarshan Bhatia
260 _aदिल्ली
_bअवधेश पब्लिकेशन
_c2007
270 _aम.न. 173, गली नं.4, रोशन विहार, करावल नगर
_bदिल्ली
_e110094
300 _a135पृ
_c22 सेमी (सजिल्द)
942 _adpl
_cHN
_k808.88 / भाटिया
_2ddc
_h808.88
_mभाटिया
999 _c11217
_d11217